03039nam a2200745 a 450000500170000000800410001702000180005804100080007610000360008424500430012025000110016326000360017430000270021050001060023765300490034365300580039265300320045065300560048265300210053865300470055965300210060665300950062765300620072265300240078465300430080865300390085165300110089065300550090165300670095665300380102365300200106165300230108165300540110465300210115865300620117965300230124165300300126465300490129465300240134365300450136765300160141265300190142865300540144765300290150165300170153065300520154765300590159965300500165865300250170865300320173365300340176565300370179965300560183665300240189265300660191665300270198265300460200965300280205565300220208365300720210565300230217765300450220070000240224570000240226920241129082928.0100701t2017 ag a . f |||| 001 0 spa d a9789502327853 aspa1 aValenti, Eduardo AlbertoeComp. aObstetricia /cEduardo Alberto Valenti a1a ed. aBuenos Aires: bEDUDEBA;c2017. a528 p.c23x16 cm.bil. aValenti, E. A., Nassif, J. C. y Winograd, R. H. (2017). Obstetricia. (1a ed.). Buenos Aires : EUDEBA. aDiagnóstico de embarazo y primera consulta aAnatomía, embriología y fisiología del embarazo aModificaciones gravídicas aDiagnóstico de embarazo y semiología obstetrica aControl prenatal aControles de la primera mitad del embarazo aControl prenatal aScreening primer trimestre e intervencionismo mini invasivo para el diagnóstico prenatal aPatología obstétrica de la primera mitad del embarazo aEmbarazo ectópico aEnfermedad trofoblástica gestacional aEmesis e hiperemésis gravídica aAborto aMalformaciones incompatibles con la vida. Conducta aCrecimiento y bienestar fetal de la segunda mitad del embarazo aEcografía del segundo trimestre aVitalidad fetal aCardiotocografía aRestricción del crecimiento intrauterino (RCIU) aEmbarazo gemelar aPatología obstétrica de la segunda mitad del embarazo aParto pretérmino aHipertensión y embarazo aHemorragias de la segunda mitad del embarazo aDiabetes y embarazo aIncompatibilidad sanguinea materno fetal aFeto muerto aHepatopatías aTrombofilia. Síndrome antifosfolipídico (SAF) aObstetricia quirúrgica aBioseguridad aTrabajo de parto: fenómemos activos y pasivos aDistocia ósea y desproporción pélvico cefálica aMecanismo de parto. Encefálica de vértice aInducción al parto aAtención del parto normal aParto instrumental. Cesárea aAlumbramiento y puerperio normal aComplicaciones del parto, alumbramiento y puerperio aDistocia de hombros aAlumbramiento patológico. Embolia de líquido amniótico  aPuerperio patológico aEnfermedades coexistentes con el embarazo aInfecciones perinatales aAnemia y embarazo aEnfermedades cardíacas, neurológicas y tiroideas en el embarazo aTumores y embarazo aInfección urinaria durante el embarazo1 aNassif, Juan Carlos1 aWinograd, Raúl H.